[Event "GER-ch-Seniors-50 2019"]
[Site "Radebeul"]
[Date "2019.04.27"]
[Round "2.3"]
[White "Redzepovic, Irfan"]
[Black "Metz, Hartmut"]
[Result "0-1"]
[WhiteElo "2075"]
[BlackElo "2251"]
[Annotator "TA"]
[PlyCount "52"]
[EventDate "2019.04.26"]
[EventType "swiss"]
[EventCountry "GER"]
[SourceTitle "playchess.com"]
[Source "ChessBase"]
[SourceQuality "1"]

{[%evp 14,84,22,21,45,52,43,44,43,51,45,47,39,44,50,51,77,85,105,82,93,48,48,8,15,-31,-48,-88,-75,-105,-97,-94,-62,-99,-100,-123,-83,-134,-14,-27,0,9,80,82,95,0,0,0,0,0,8,6,20,29,54,16,16,0,17,-4,-4,-14,-14,-15,-20,-207,-200,-274,-204,-220,-229,-634,-625]} 1. d4 d5 2. Nf3 Nf6 3. c4 c6 4. Qb3 e6 5. g3 Bd6 6. Bg2 Nbd7 7. Nc3 O-O 8. O-O b6 {D43: Semi-Slav: 5 Bg5 h6} (8... Rb8 9. Nd2 b5 10. c5 Bc7 11. e4 b4 12. Na4 Ba6 13. Re1 dxe4 14. Nxe4 Nxe4 15. Bxe4 Bb5 16. Be3 {½-½ (59) Boensch,U (2560)-Jussupow,A (2580) Dresden 2018}) 9. e4 Nxe4 10. Nxe4 dxe4 {White is slightly better.} 11. Ng5 Nf6 12. Nxe4 Nxe4 13. Bxe4 Bb7 14. c5 $146 ({Predecessor:} 14. a4 Rb8 15. Be3 Ba8 16. Rad1 {1-0 (43) Johansen,K (1995)-Yilmaz,K (1686) Oslo 2014}) 14... Be7 15. Rd1 Rc8 16. a4 Ba6 17. a5 bxa5 18. Qc3 Bb5 19. Rxa5 Bxc5 $1 {[%mdl 64] Pin} 20. Ra1 {[#]} Bb6 $1 21. Bf4 Qe7 22. h4 h6 23. Re1 Rfd8 24. Rad1 Bc7 {Strongly threatening ...Bxf4.} 25. Bc1 ({White should try} 25. Be5) 25... Bd6 (25... Qf6 $17 26. Be3 Bb6) 26. Bb1 $1 $11 Qf6 {Played: Bd6-b4} 0-1

[Event "GER-ch-Seniors-50 2019"]
[Site "Radebeul"]
[Date "2019.04.27"]
[Round "2.4"]
[White "Mueller, Michael"]
[Black "Valet, Richard"]
[Result "0-1"]
[WhiteElo "2163"]
[BlackElo "2051"]
[Annotator "TA"]
[PlyCount "84"]
[EventDate "2019.04.26"]
[EventType "swiss"]
[EventCountry "GER"]
[SourceTitle "playchess.com"]
[Source "ChessBase"]
[SourceQuality "1"]

{[%evp 14,114,0,0,14,0,0,1,5,-20,8,0,40,38,23,25,27,25,26,22,51,41,60,8,39,-51,-42,-207,-201,-204,-203,-464,-470,-716,-714,-700,-292,-277,-213,-212,-199,-391,-379,-369,-285,-342,-346,-337,-331,-345,-339,-340,-334,-356,-314,-337,-331,-325,-329,-327,-289,-332,-316,-395,-345,-454,-452,-595,-594,-564,-566,-531,-412,-425,-422,-422,-417,-1079,-1061,-800,-475,-467,-402,-29966,-29968,-29969,-29973,-29978,-29979,-29979,-29980,-29979,-29969,-29983,-29982,-29982,-29983,-29983,-29984,-29984,-29985,-29985,-29986]} 1. d4 Nf6 2. Nf3 g6 3. Bf4 Bg7 4. e3 d6 5. Bc4 O-O 6. h3 c5 7. c3 b6 8. Nbd2 Bb7 {A48: 1 d4 Nf6 2 Nf3 g6: Torre, London and Colle Systems} 9. Qe2 Nc6 10. O-O Qc7 {The position is equal.} (10... a6 11. a4 Qc7 12. Rfd1 Na5 13. Ba2 cxd4 14. exd4 Nd5 {1-0 (46) Pourramezanali,A (2522)-Evdokimov,A (2495) Mersin 2016}) 11. e4 $146 ({Predecessor:} 11. Rfe1 h6 12. Bh2 e5 13. dxe5 dxe5 14. Rad1 Qe7 15. e4 Nh5 16. Ba6 Bxa6 17. Qxa6 {0-1 (33) Sigurjonsson,J (2260)-Gudmundsson,E (2220) Reykjavik 1979}) 11... Nh5 12. Be3 e5 {[%cal Re5d4]} 13. d5 Ne7 14. g4 Nf4 15. Bxf4 $1 exf4 16. Rfe1 Rad8 17. Rad1 Kh8 18. Nb3 (18. a4 $14) 18... h6 19. Qd2 (19. a4 $14) 19... g5 $15 20. e5 $2 (20. a4 $15) 20... dxe5 $19 21. d6 {[#]} Qc6 $1 {[%cal Rc6f3]} 22. Be2 $2 (22. Qe2 Qxf3 23. Qxf3 Bxf3 24. dxe7 Bxd1 25. Nd4) 22... Ng6 23. c4 (23. Qc2 $142) 23... Nh4 24. Qd5 Qxd5 (24... Qc8 $142 25. Qd3 e4 {[%mdl 64] Double Attack}) 25. cxd5 Nxf3+ 26. Bxf3 Rxd6 27. Rd2 $2 (27. Nd2) 27... c4 28. Nc1 b5 29. Ne2 b4 30. a3 a5 31. axb4 axb4 32. Ra1 Ra8 33. Rc1 Ba6 34. Ra1 Rad8 35. Be4 Bf8 36. Kg2 Rb6 37. Ra5 Bd6 38. Kf3 Kg7 39. Bf5 {[#]} c3 $1 40. bxc3 bxc3 41. Rc2 Bb4 42. Ra1 Rxd5 {Played: Ba6-b7} 0-1

[Event "GER-ch-Seniors-50 2019"]
[Site "Radebeul"]
[Date "2019.04.27"]
[Round "2.5"]
[White "Schober, Ralf"]
[Black "Stahr, Ralf-Peter"]
[Result "0-1"]
[WhiteElo "2070"]
[BlackElo "2160"]
[Annotator "TA"]
[PlyCount "88"]
[EventDate "2019.04.26"]
[EventType "swiss"]
[EventCountry "GER"]
[SourceTitle "playchess.com"]
[Source "ChessBase"]
[SourceQuality "1"]

{[%evp 9,88,0,6,0,0,3,1,6,70,29,37,37,61,-29,-22,-12,-32,-39,-40,-39,-47,-71,-72,-64,-66,-68,-61,-69,-70,-80,-65,-91,-89,-139,-67,-81,-60,-81,-22,-25,-33,-27,-33,-68,0,0,0,-21,-21,-21,-21,-84,-84,-84,-84,-120,-106,-245,-240,-368,-377,-373,-366,-366,-366,-362,-356,-373,-371,-360,-410,-463,-462,-636,-628,-551,-539,-2211,-1763,-1477,-1436]} 1. Nc3 c5 2. e4 Nc6 3. Bb5 Nd4 4. Bc4 e6 5. Nge2 a6 (5... Ne7 6. Nxd4 cxd4 7. Ne2 Nc6 8. O-O a6 9. d3 d5 10. exd5 exd5 11. Bb3 Bd6 12. Nf4 Bxf4 13. Bxf4 O-O 14. Qf3 Be6 15. Rfe1 {1-0 (58) Cornette,M (2611)-Lenic,L (2662) chess.com INT 2018}) 6. Nxd4 {B23: Closed Sicilian: Lines without g3} cxd4 7. Ne2 b5 8. Bd3 {The position is equal.} d5 (8... Bc5 $11) 9. c3 $146 ({Predecessor:} 9. Nxd4 Bb7 10. Qe2 Qb6 11. Nb3 Nf6 12. e5 Nd7 13. O-O Be7 14. c3 f6 15. exf6 Bxf6 16. Bc2 e5 17. d4 e4 18. Qg4 Bc8 19. Bxe4 Ne5 20. Qe2 {1-0 (20) Van der Nat,N (2352)-Salimu,R (1946) Boksburg 2016}) 9... Bb7 10. e5 Qg5 11. cxd4 (11. b4 $14) 11... Qxg2 $11 12. Ng3 $1 {[#] Black must now prevent Bf1.} Qh3 $1 $36 {[%mdl 2048] Black has good play.} 13. Qh5 Qxh5 14. Nxh5 g6 15. Ng3 Ne7 16. b3 Nc6 17. Bb2 Nb4 18. Bb1 Be7 19. Ke2 Rc8 20. Bc3 Nc6 21. a3 a5 (21... Bd8 $17 22. f4 O-O) 22. b4 $15 axb4 23. axb4 Bxb4 ({Black should try} 23... f6 $17 {And now ...fxe5 would win.} 24. f4 O-O) 24. Bd3 $11 Bxc3 25. dxc3 b4 26. Ke3 Kd7 (26... bxc3 $15 27. Rhb1 Nd8) 27. cxb4 Ra8 28. Bb5 Kc7 29. Bxc6 $1 Bxc6 30. Kd2 (30. Rhc1 $11 {remains equal.} Kb6 31. Ne2) 30... Rhb8 $17 31. Kc3 Bb5 32. Rhc1 Kb6 33. Nf1 (33. Kd2 $17) 33... Rc8+ $19 34. Kd2 (34. Kb2 {was called for.} Rxa1 35. Rxa1) 34... Rxc1 35. Rxc1 {[%mdl 4096] Endgame KRB-KRN} Ra2+ 36. Ke3 Re2+ 37. Kf3 Re4 38. Ne3 Rxd4 39. Rc8 Rxb4 40. Nc2 Rc4 {Black is clearly winning.} 41. Rxc4 dxc4 42. Ke3 {If only White now had time for Kd4....} Kc5 43. f4 Ba4 44. Ne1 c3 {Accuracy: White = 32%, Black = 68%.} 0-1

[Event "GER-ch-Seniors-50 2019"]
[Site "Radebeul"]
[Date "2019.04.27"]
[Round "2.6"]
[White "Loew, Gerald"]
[Black "Wunder, Stefan"]
[Result "1-0"]
[WhiteElo "2157"]
[BlackElo "2032"]
[Annotator "TA"]
[PlyCount "77"]
[EventDate "2019.04.26"]
[EventType "swiss"]
[EventCountry "GER"]
[SourceTitle "playchess.com"]
[Source "ChessBase"]
[SourceQuality "1"]

{[%evp 12,77,19,0,0,0,0,0,0,2,26,27,59,48,42,41,57,0,0,0,0,0,0,0,0,0,0,0,0,0,0,0,0,12,19,0,0,0,0,-68,0,-30,0,0,0,0,0,0,14,14,14,14,18,0,0,0,0,4,168,164,440,79,79,79,429,429,823,775]} 1. c4 g6 2. Nc3 Bg7 3. g3 Nf6 4. Bg2 d6 5. d3 O-O 6. Rb1 a5 7. a3 c6 {A16: English Opening: 1...Nf6 with ...d5} (7... e5 8. b4 axb4 9. axb4 c6 10. e4 Be6 11. Nge2 d5 12. exd5 cxd5 13. cxd5 Nxd5 14. O-O Nc6 15. b5 {0-1 (51) Zaragatski,I (2495)-Predojevic,B (2621) Germany 2018}) 8. e4 Na6 9. Nge2 e5 {The position is equal.} 10. O-O Bg4 11. h3 $146 ({Predecessor:} 11. b4 axb4 12. axb4 c5 13. bxc5 Nxc5 {0-1 (64) Ackley,P (1963)-Jackson,J (2368) England 2016}) 11... Be6 12. f4 exf4 13. Nxf4 Qb6+ 14. Kh2 (14. Kh1 $14) 14... Ng4+ $1 $11 15. hxg4 {[#] Black must now prevent Bd2.} Bxc3 $1 16. Nxe6 fxe6 17. Bf4 Be5 18. g5 Qd4 19. Rf3 {[#] And now Be3 would win.} Nc5 {[%cal Ba6c5,Bc5a4,Ba4c3][%mdl 32]} 20. b4 axb4 21. axb4 Bxf4 22. gxf4 Na4 23. Qg1 Qxg1+ 24. Rxg1 Nc3 25. Bh3 (25. Rf2 $11) 25... e5 ({Better is} 25... Ne2 $1 $15 26. Bxe6+ Kg7) 26. Be6+ Kh8 27. Rgf1 Ne2 {[%cal Re2f4]} 28. fxe5 Rxf3 29. Rxf3 {[%mdl 4096] Endgame KRB-KRN} Nd4 30. Rf6 dxe5 31. c5 Nc2 32. b5 cxb5 33. Rf7 Rb8 34. Bd5 Nd4 $2 (34... b4 $1 $11) 35. Bxb7 $18 {Hoping for c6.} ({Don't go for} 35. Rxb7 $2 Rxb7 36. Bxb7 Ne6 $19) 35... Nf3+ $2 (35... b4 {is a better defense.}) 36. Kh1 $2 (36. Rxf3 Rxb7 37. Rf8+ Kg7 $11) (36. Kg3 $18 {and White stays clearly on top.} Nd4 37. c6 Nxc6 38. Bxc6) 36... Nxg5 $16 37. Re7 {c6 is the strong threat.} Rf8 $2 {[%mdl 8192]} (37... b4 $16 38. c6 b3) 38. c6 $18 Rf2 (38... Nf7 $142 39. Ba6 Nd6) 39. c7 {Accuracy: White = 64%, Black = 48%.} 1-0

[Event "GER-ch-Seniors-50 2019"]
[Site "Radebeul"]
[Date "2019.04.28"]
[Round "3.1"]
[White "Stahr, Ralf-Peter"]
[Black "Belke, Frank"]
[Result "1/2-1/2"]
[WhiteElo "2160"]
[BlackElo "2283"]
[Annotator "NA"]
[PlyCount "121"]
[EventDate "2019.04.26"]
[EventType "swiss"]
[EventCountry "GER"]
[SourceTitle "playchess.com"]
[Source "ChessBase"]
[SourceQuality "1"]
[TimeControl "40/5400+30:1800+30"]

1. c4 {[%emt 0:00:00]} e5 {[%emt 0:00:00]} 2. Nc3 {[%emt 0:00:00]} Nc6 {[%emt 0:00:00]} 3. Nf3 {[%emt 0:00:00]} f5 {[%emt 0:00:00]} 4. d4 {[%emt 0:00:00]} e4 {[%emt 0:00:00]} 5. Ng5 {[%emt 0:00:10]} h6 {[%emt 0:00:00]} 6. Nh3 {[%emt 0:00:07]} g5 {[%emt 0:00:00]} 7. e3 {[%emt 0:00:22] A27: English Opening: Three Knights Variation} Bg7 {[%emt 0:00:00]} 8. Be2 {[%emt 0:00:18]} Nf6 {[%emt 0:00:00]} 9. Bh5+ {[%emt 0:00:19]} (9. f3 exf3 10. gxf3 d5 11. Nf2 Be6 12. e4 fxe4 13. fxe4 O-O 14. cxd5 Nxd5 15. exd5 Bxd5 {1-0 (25) Naiditsch,A (2702)-Kulkarni,R (2344) Caleta 2017}) 9... Nxh5 {[%emt 0:00:36]} 10. Qxh5+ {[%emt 0:00:08]} Kf8 {[%emt 0:00:02]} 11. f3 {[%emt 0:01:14]} exf3 {[%emt 0:06:51]} 12. Qxf3 {[%emt 0:00:53]} d6 {[%emt 0:00:01]} 13. O-O {[%emt 0:04:07]} Kg8 {[%emt 0:06:27]} 14. g4 $146 {[%emt 0:22:01]} ({Predecessor:} 14. Kh1 Bd7 15. Ng1 Kh7 {1-0 (41) Nagy,E (2269)-Brustkern,J (2283) Budapest 2011}) 14... Ne7 {[%emt 0:11:14]} 15. Nd5 {[%emt 0:09:48]} Nxd5 {[%emt 0:05:09]} 16. Qxd5+ {[%emt 0:00:27]} Kh7 {[%emt 0:00:02]} 17. gxf5 {[%emt 0:05:40]} Rf8 {[%emt 0:03:06]} 18. Bd2 {[%emt 0:06:48]} Qe7 {[%emt 0:09:18]} 19. f6 {[%emt 0:05:32]} Bxf6 {[%emt 0:03:27]} 20. Nf2 {[%emt 0:00:37]} Bg7 {[%emt 0:02:37]} 21. b3 {[%emt 0:02:16]} Rb8 {[%emt 0:07:45]} 22. Rae1 {[%emt 0:01:15]} Bd7 {[%emt 0:00:36]} 23. Qg2 {[%emt 0:03:38]} Bc6 {[%emt 0:03:35]} 24. d5 {[%emt 0:00:27]} Bd7 {[%emt 0:00:01]} 25. Ne4 {[%emt 0:08:01]} Rxf1+ {[%emt 0:03:58]} 26. Rxf1 {[%emt 0:00:12]} Rf8 {[%emt 0:00:08]} 27. Rxf8 {[%emt 0:01:49]} Qxf8 {[%emt 0:00:02]} 28. Ng3 {[%emt 0:03:26]} Be8 {[%emt 0:04:17]} 29. Qe2 {[%emt 0:08:42]} Bg6 {[%emt 0:00:49]} 30. e4 {[%emt 0:01:34]} Be5 {[%emt 0:06:05]} 31. Nf1 {[%emt 0:03:15]} Qe8 {[%emt 0:04:27]} 32. Be3 {[%emt 0:01:26]} b6 {[%emt 0:00:46]} 33. Kf2 {[%emt 0:05:49]} Bh5 {[%emt 0:01:34]} 34. Qd2 {[%emt 0:00:54]} Qf7+ {[%emt 0:00:10]} 35. Kg1 {[%emt 0:00:27]} Qf3 {[%emt 0:03:05]} 36. Qg2 {[%emt 0:00:30]} Qf6 {[%emt 0:03:57]} 37. h3 {[%emt 0:02:56]} Bf3 {[%emt 0:02:10]} 38. Qc2 {[%emt 0:01:27]} Kg7 {[%emt 0:00:47]} 39. Nd2 {[%emt 0:00:20]} Bh5 {[%emt 0:04:52]} 40. Qd3 {[%emt 0:02:04]} g4 {[%emt 0:02:51]} 41. hxg4 {[%emt 0:30:21]} Bxg4 {[%emt 0:32:05]} 42. Qf1 {[%emt 0:00:00]} Qh4 {[%emt 0:00:00]} 43. Qf2 {[%emt 0:00:00]} Qxf2+ {[%emt 0:00:00]} 44. Kxf2 {[%emt 0:00:00]} Kg6 {[%emt 0:00:00]} 45. Nf3 {[%emt 0:00:00]} Bf6 {[%emt 0:00:00]} 46. b4 {[%emt 0:00:00]} h5 {[%emt 0:00:00]} 47. c5 {[%emt 0:00:00]} h4 {[%emt 0:00:00]} 48. cxb6 $11 {[%emt 0:00:00]} cxb6 {[%emt 0:00:00]} 49. Bf4 {[%emt 0:00:00]} Be7 {[%emt 0:00:00]} 50. Nd4 {[%emt 0:00:00]} h3 {[%emt 0:00:00]} 51. Kg3 {[%emt 0:00:00]} Kh5 {[%emt 0:00:00]} 52. Nf3 {[%emt 0:00:00]} a6 {[%emt 0:00:00]} 53. a3 {[%emt 0:00:00]} Bd7 {[%emt 0:00:00]} 54. e5 {[%emt 0:00:00]} dxe5 {[%emt 0:00:00]} 55. Nxe5 {[%emt 0:00:00]} Bf5 {[%emt 0:02:10]} 56. Nc6 {[%emt 0:00:00]} Bh4+ {[%emt 0:00:26]} 57. Kf3 {[%emt 0:00:00]} Bg5 {[%emt 0:01:40]} 58. Bh2 {[%emt 0:00:00]} Kg6 {[%emt 0:01:59]} 59. Nb8 a5 60. d6 Kf7 61. Nc6 1/2-1/2

[Event "GER-ch-Seniors-50 2019"]
[Site "Radebeul"]
[Date "2019.04.28"]
[Round "3.2"]
[White "Nekrasov, Mihail"]
[Black "Loew, Gerald"]
[Result "1-0"]
[WhiteElo "2277"]
[BlackElo "2157"]
[Annotator "NA"]
[PlyCount "91"]
[EventDate "2019.04.26"]
[EventType "swiss"]
[EventCountry "GER"]
[SourceTitle "playchess.com"]
[Source "ChessBase"]
[SourceQuality "1"]
[TimeControl "40/5400+30:1800+30"]

1. e4 {[%emt 0:00:00]} d6 {[%emt 0:00:00]} 2. d4 {[%emt 0:00:01]} Nf6 {[%emt 0:00:00]} 3. Nc3 {[%emt 0:00:16]} e5 {[%emt 0:00:11]} 4. Nf3 {[%emt 0:00:56]} Nbd7 {[%emt 0:00:24]} 5. Bc4 {[%emt 0:00:24]} Be7 {[%emt 0:00:14]} 6. O-O {[%emt 0:00:16]} O-O {[%emt 0:00:25]} 7. Re1 {[%emt 0:03:25]} c6 {[%emt 0:00:54]} 8. a4 {[%emt 0:00:11]} b6 {[%emt 0:02:34]} 9. Ba2 {[%emt 0:04:41]} a6 {[%emt 0:02:00]} 10. h3 {[%emt 0:04:06]} Rb8 {[%emt 0:01:41]} 11. Be3 {[%emt 0:00:33]} b5 {[%emt 0:02:49]} 12. axb5 {[%emt 0:00:12]} axb5 {[%emt 0:00:12]} 13. b4 {[%emt 0:00:27]} Qc7 {[%emt 0:04:18]} 14. Bb3 {[%emt 0:05:33]} Nb6 {[%emt 0:15:08]} 15. Qd3 {[%emt 0:02:32]} Bd7 {[%emt 0:03:29]} 16. Ra6 {[%emt 0:04:05]} Nc4 {[%emt 0:11:25]} 17. Bxc4 {[%emt 0:09:58]} bxc4 {[%emt 0:00:50]} 18. Qxc4 {[%emt 0:00:10]} Nxe4 {[%emt 0:17:25]} 19. dxe5 {[%emt 0:02:32]} Nxc3 {[%emt 0:00:59]} 20. Qxc3 {[%emt 0:00:11]} dxe5 {[%emt 0:01:11]} 21. Qxe5 {[%emt 0:17:42]} Bd6 {[%emt 0:04:53]} 22. Qa5 {[%emt 0:00:36]} Qxa5 {[%emt 0:13:57]} 23. bxa5 {[%emt 0:00:09]} Bb4 {[%emt 0:01:09]} 24. Rd1 {[%emt 0:05:49]} Be6 {[%emt 0:03:45]} 25. Ne5 {[%emt 0:03:44]} c5 {[%emt 0:05:26]} 26. Nc6 {[%emt 0:03:07]} Rb5 {[%emt 0:03:05]} 27. Nxb4 {[%emt 0:02:23]} cxb4 {[%emt 0:00:14]} 28. Ra1 {[%emt 0:07:13]} b3 {[%emt 0:03:35]} 29. cxb3 {[%emt 0:00:08]} Rxb3 {[%emt 0:00:17]} 30. Rb6 Ra8 {[%emt 0:00:58]} 31. Rxb3 {[%emt 0:00:56]} Bxb3 {[%emt 0:00:04]} 32. a6 {[%emt 0:00:09]} f6 {[%emt 0:01:06]} 33. a7 {[%emt 0:00:19]} Bd5 {[%emt 0:00:35]} 34. Ra5 {[%emt 0:02:22]} Bc6 {[%emt 0:00:33]} 35. Rc5 {[%emt 0:02:27]} Bb7 {[%emt 0:00:33]} 36. Rc7 {[%emt 0:00:13]} Bd5 {[%emt 0:00:33]} 37. f3 {[%emt 0:00:15]} Re8 {[%emt 0:00:33]} 38. Kf2 {[%emt 0:00:08]} Ba8 {[%emt 0:00:34]} 39. g4 {[%emt 0:00:17]} h6 {[%emt 0:00:38]} 40. h4 {[%emt 0:00:18]} Bd5 {[%emt 0:00:35]} 41. Bd4 {[%emt 0:30:49]} Rf8 {[%emt 0:04:49]} 42. g5 {[%emt 0:00:00]} hxg5 {[%emt 0:01:10]} 43. hxg5 {[%emt 0:00:00]} Rf7 {[%emt 0:06:01]} 44. Rc5 {[%emt 0:00:00]} Ba8 {[%emt 0:06:35]} 45. g6 {[%emt 0:00:00]} Rf8 {[%emt 0:00:12]} 46. Rb5 {[%emt 0:00:00]} 1-0

[Event "GER-ch-Seniors-50 2019"]
[Site "Radebeul"]
[Date "2019.04.28"]
[Round "3.3"]
[White "Metz, Hartmut"]
[Black "Koehler, Gerhard"]
[Result "1/2-1/2"]
[WhiteElo "2251"]
[BlackElo "2153"]
[Annotator "NA"]
[PlyCount "191"]
[EventDate "2019.04.26"]
[EventType "swiss"]
[EventCountry "GER"]
[SourceTitle "playchess.com"]
[Source "ChessBase"]
[SourceQuality "1"]
[TimeControl "40/5400+30:1800+30"]

1. e4 {[%emt 0:00:00]} c5 {[%emt 0:00:00]} 2. Nf3 {[%emt 0:00:00]} g6 {[%emt 0:00:00]} 3. d4 {[%emt 0:01:32]} cxd4 {[%emt 0:00:04]} 4. Nxd4 {[%emt 0:00:01]} Nc6 {[%emt 0:00:28]} 5. c4 {[%emt 0:00:10]} Bg7 {[%emt 0:00:37]} 6. Nc2 {[%emt 0:00:49]} d6 {[%emt 0:02:23]} 7. Be2 {[%emt 0:00:10]} Qa5+ {[%emt 0:08:06] B37: Sicilian: Maroczy Bind with 5...Bg7, sidelines} (7... Nf6 8. Nc3 O-O 9. O-O Be6 10. Bd2 Nd7 11. Rc1 Nc5 12. b4 Bxc3 13. Bxc3 Nxe4 14. Ba1 a5 15. b5 Ne5 16. Qd4 Nf6 17. Ne3 Ned7 18. Bf3 {1-0 (33) Aronian,L (2785)-Flores,D (2579) Doha 2016}) 8. Bd2 {[%emt 0:04:59]} Qb6 {[%emt 0:03:15]} 9. Nc3 {[%emt 0:01:09]} Nf6 {[%emt 0:02:47]} 10. O-O {[%emt 0:21:27]} O-O {[%emt 0:00:49]} 11. Rc1 {[%emt 0:03:54]} Be6 $146 {[%emt 0:03:59]} ({Predecessor:} 11... a5 12. Ne3 Nd7 13. Na4 Qd8 14. f3 Nc5 15. Nc3 {½-½ (41) Pick,S (2115)-Ellers,H (2305) Pardubice 1996}) 12. b3 {[%emt 0:01:22]} Rfc8 {[%emt 0:05:36]} 13. Nd5 {[%emt 0:01:08]} Qd8 {[%emt 0:00:39]} 14. f3 {[%emt 0:01:25]} Bd7 {[%emt 0:05:40]} 15. Kh1 {[%emt 0:04:01]} Nxd5 {[%emt 0:07:52]} 16. exd5 {[%emt 0:03:05]} Nd4 {[%emt 0:03:10]} 17. Nxd4 {[%emt 0:01:10]} Bxd4 {[%emt 0:00:16]} 18. Bg5 {[%emt 0:00:12]} Bg7 {[%emt 0:00:40]} 19. Bd3 {[%emt 0:00:29]} Qf8 {[%emt 0:01:08]} 20. Rc2 {[%emt 0:03:18]} Bh6 {[%emt 0:03:58]} 21. Bh4 {[%emt 0:06:26]} Bf4 {[%emt 0:06:24]} 22. Qe1 {[%emt 0:01:27]} Re8 {[%emt 0:00:12]} 23. Re2 {[%emt 0:00:57]} Qh6 {[%emt 0:06:45]} 24. Bg3 {[%emt 0:10:15]} Bg5 {[%emt 0:04:53]} 25. Bf2 {[%emt 0:09:27]} Bf6 {[%emt 0:03:35]} 26. Be3 {[%emt 0:01:36]} Qg7 {[%emt 0:03:55]} 27. Qc1 {[%emt 0:00:31]} b6 {[%emt 0:01:07]} 28. Bh6 {[%emt 0:02:40]} Qh8 {[%emt 0:00:03]} 29. Qe1 {[%emt 0:06:58]} Bc3 {[%emt 0:05:42]} 30. Bd2 {[%emt 0:03:55]} Bxd2 {[%emt 0:00:58]} 31. Qxd2 {[%emt 0:00:38]} Qf6 {[%emt 0:02:08]} 32. Rfe1 {[%emt 0:00:08]} Kg7 {[%emt 0:02:58]} 33. Re4 {[%emt 0:01:00]} e5 {[%emt 0:00:53]} 34. dxe6 {[%emt 0:00:23]} Rxe6 {[%emt 0:00:02]} 35. Rxe6 {[%emt 0:01:03]} Bxe6 {[%emt 0:00:16]} 36. Be4 {[%emt 0:00:31]} Rd8 {[%emt 0:00:30]} 37. Rd1 {[%emt 0:00:29]} Qe5 {[%emt 0:00:41]} 38. Kg1 {[%emt 0:03:06]} f5 {[%emt 0:02:32]} 39. Bb7 {[%emt 0:05:24]} Qc5+ {[%emt 0:06:19]} 40. Kh1 {[%emt 0:00:47]} Rd7 {[%emt 0:05:36]} 41. Ba8 {[%emt 0:05:11]} Rd8 {[%emt 0:08:50]} 42. Qb2+ {[%emt 0:14:50]} Kf7 {[%emt 0:01:24]} 43. Bb7 {[%emt 0:01:04]} b5 {[%emt 0:07:14]} 44. Bd5 {[%emt 0:04:59]} Bxd5 {[%emt 0:00:36]} 45. Rxd5 {[%emt 0:01:05]} Qe3 {[%emt 0:00:40]} 46. h3 {[%emt 0:01:15]} Qe1+ {[%emt 0:01:44]} 47. Kh2 {[%emt 0:00:22]} f4 {[%emt 0:05:02]} 48. Qd2 {[%emt 0:04:18]} Qxd2 {[%emt 0:00:31]} 49. Rxd2 {[%emt 0:00:01]} bxc4 {[%emt 0:00:12]} 50. bxc4 {[%emt 0:00:04]} Ke6 {[%emt 0:00:49]} 51. h4 {[%emt 0:00:23]} d5 {[%emt 0:02:09]} 52. Re2+ {[%emt 0:00:24]} Kf6 {[%emt 0:00:45]} 53. cxd5 {[%emt 0:00:08]} Rxd5 {[%emt 0:00:06]} 54. Re4 {[%emt 0:00:09]} Kf5 {[%emt 0:00:22]} 55. Ra4 {[%emt 0:02:10]} a5 {[%emt 0:00:29]} 56. Rc4 {[%emt 0:00:31]} h6 {[%emt 0:00:49]} 57. Rc6 {[%emt 0:00:48]} h5 {[%emt 0:00:53]} 58. Ra6 {[%emt 0:00:31]} Rc5 {[%emt 0:02:22]} 59. a3 {[%emt 0:00:47]} Rb5 {[%emt 0:00:22]} 60. a4 {[%emt 0:01:13]} Rd5 {[%emt 0:00:34]} 61. Kg1 {[%emt 0:00:17]} g5 {[%emt 0:02:28]} 62. Rh6 {[%emt 0:00:36]} gxh4 {[%emt 0:01:31]} 63. Rxh5+ {[%emt 0:00:05] Double Attack} Ke6 {[%emt 0:00:11]} 64. Rh6+ {[%emt 0:01:08]} Kd7 {[%emt 0:00:27]} 65. Ra6 {[%emt 0:00:38]} Kc7 {[%emt 0:00:15]} 66. Kh2 {[%emt 0:00:24]} Kb7 {[%emt 0:00:25]} 67. Re6 {[%emt 0:00:57]} Rd4 {[%emt 0:00:34]} 68. Re4 {[%emt 0:00:41]} Rb4 {[%emt 0:00:07]} 69. Kh3 {[%emt 0:00:07]} Kc6 {[%emt 0:00:26]} 70. Kg4 {[%emt 0:00:14]} Rb2 {[%emt 0:00:18]} 71. Rxf4 {[%emt 0:00:32]} Rxg2+ {[%emt 0:00:13]} 72. Kxh4 {[%emt 0:00:01]} Kc5 {[%emt 0:01:06]} 73. Re4 {[%emt 0:00:31]} Rg1 {[%emt 0:01:16]} 74. f4 {[%emt 0:00:54]} Rg2 {[%emt 0:00:19]} 75. Kh5 {[%emt 0:00:12]} Rg1 {[%emt 0:00:17]} 76. Kh6 $2 {[%emt 0:00:16]} (76. f5 $18 Kd5 77. Re2) 76... Rg2 $2 {[%emt 0:00:21]} (76... Rg4 $11) 77. Kh5 {[%emt 0:00:37]} Rg1 {[%emt 0:00:10]} 78. Kh6 {[%emt 0:00:05]} Rg2 {[%emt 0:00:05]} 79. f5 {[%emt 0:00:54]} Kd5 {[%emt 0:00:18]} 80. Re8 {[%emt 0:01:02]} Rg4 {[%emt 0:02:30]} 81. f6 {[%emt 0:00:17]} Rxa4 {[%emt 0:00:03]} 82. f7 {[%emt 0:01:34]} Rf4 {[%emt 0:00:11]} 83. f8=Q {[%emt 0:00:27]} Rxf8 {[%emt 0:00:02]} 84. Rxf8 {[%emt 0:00:01]} Kc4 {[%emt 0:00:12]} 85. Kg5 {[%emt 0:00:07]} a4 {[%emt 0:00:06]} 86. Kf4 {[%emt 0:00:06]} a3 {[%emt 0:00:17]} 87. Ke3 {[%emt 0:00:11]} Kc3 {[%emt 0:00:28]} 88. Rc8+ {[%emt 0:01:40]} Kb2 {[%emt 0:00:43]} 89. Rb8+ {[%emt 0:00:30]} Kc2 {[%emt 0:00:40]} 90. Ra8 {[%emt 0:00:09]} Kb2 {[%emt 0:00:14]} 91. Kd3 {[%emt 0:00:49]} a2 {[%emt 0:00:17]} 92. Rb8+ {[%emt 0:00:21]} Kc1 {[%emt 0:01:55]} 93. Rc8+ {[%emt 0:00:49]} Kb1 $11 {[%emt 0:00:21]} 94. Kd2 {[%emt 0:00:52]} a1=Q {[%emt 0:00:19]} 95. Rb8+ {[%emt 0:00:10]} Qb2+ {[%emt 0:00:30]} 96. Rxb2+ {[%emt 0:00:30]} 1/2-1/2